000 00290nam a2200109Ia 4500
008 200302s9999 xx 000 0 und d
100 _aAuthor
245 _aApartmants and Dormitories An Architectural Rcord Book
260 _bMc Graw-Hill Book Co., Inc.,
260 _c1962
300 _a232 P.,
999 _c5006
_d5006